000 00305nam a22001337a 4500
008 170825b xxu||||| |||| 00| 0 eng d
020 _a0408005382
041 _aeng
080 _a070
100 _a40
101 _aMED
245 _aRADIO SYSTEMS FOR TECHNICIANS
_cDANIELSON.G.L
942 _2udc
_cBK
999 _c25000
_d25000